000 00234nam a22001097a 4500
003 OSt
008 250107b |||||||| |||| 00| 0 eng d
041 _aeng
245 _aGavya Shastram
260 _bKerala Bhasha Institute
942 _cBK
999 _c18967
_d18967